000 00621nam a2200181 u 4500
001 000020456
005 20200930011120.0
008 100813s2015 dr 000 0 spa d
020 _a9789945886344
040 _aDO-SdBNP
_bspa
_cBNPHU
082 _axxxxxxx
_bxxxxxxx
100 1 _aGalán Gómez, María de
_943126
245 1 0 _aEn honor al rey de gloria /
_cMaría Galán de Gómez ; prólogo Manuela Taveras Disla.
260 _aSanto Domingo, :
_bRobiou,
_c2015.
300 _a116 p. ;
_c21 cm.
500 _aIncluye datos biográficos del autor en la contracubierta
700 1 _aTaveras Disla, Manuela,
_epról.
_943127
999 _c19960
_d19960